=LDR 00000nam 2200000 4500 =001 INLIS000000000031581 =005 20130612133639 =008 ***********************************ind** =035 ##$$0010-061300000031581 =041 ##$$a ind =082 ##$$a 813 =090 ##$$a 813, Rus, s =100 ##$$a Rusli, Marah =245 ##$$a Siti Nurbaya, Kasih Tak Sampai, Marah Rusli =260 ##$$a 2009 $b Jakarta =300 ##$$a vii, 334 hlm., ilus, 20,5 cm =650 ##$$a FIKSI =850 ##$$a NBPNMAT